01000nam a2200229 a 4500001001000000003000500010005001700015008004100032010001100073011001100084040000900095100004000104245020700144260004100351500006000392502013100452650002800583650003300611650002700644650002900671856007000700000115132CHAP20220329144518.0181019s2018 mx a sm |||||||spa d a111593 a112565 cCHAP1 aPérez Evangelista, Emilia Raquel.10aAnálisis dendrocronológico para ajustar técnicas de estudios alométricos de Pinus arizonica Engelm y Pinus Zucc en Riva Palacio, Chihuahua /h[En línea]cpor Emilia Raquel Pérez Evangelista. aChapingo, Méx. :bEl autor,c2018. aPara ver el contenido del material haga clic en la liga aTesis (M.C. en Recursos Naturales y Medio Ambiente en Zonas Áridas) -- UACH. Unidad Regional Universitaria de Zonas Áridas14aAnillos de crecimiento.14aÁrbolesxEfecto del clima.14aPináceasxChihuahua.14aPináceasxCrecimiento. aFinding aiduhttp://10.13.5.2/tesis/sist115132.pdfzTeclea aquí